000 00298nam a22001337a 4500
008 170508b xxu||||| |||| 00| 0 eng d
020 _a9780875843650
041 _aeng
080 _a34
100 _a15
101 _aSHJ
245 _aEDUCATION FOR JUDGEMENT
_cCHRISTENSEN, C.R
942 _2udc
_cBK
999 _c12935
_d12935